000 01038nam a22002057a 4500
999 _c58600
_d58600
003 Ge_BSU
005 20220613102711.0
008 220610s2021 ge ||||| |||| 00| 0 geo d
020 _a9789941331893
041 _ageo
080 _a378 რ-41
100 _aრემიშვილი, თამარ
_914046
245 _aსწავლის შედეგებზე მოქმედი სოციალური ფაქტორები საქართველოს უმაღლესი განათლების სისტემაში /
_cთამარ რემიშვილი; რედაქტორი მარიამ ღამბაშიძე.
264 _aთბილისი:
_bუნივერსალი,
_c2021.
300 _a171 გვ.:
_bცხრ.;
_c20 სმ
504 _aბიბლიოგრ. 159-171
653 _aგანათლება
700 _aღამბაშიძე, მარიამ
_eრედაქტორი
_914047
942 _2udc
_cBK